[Event "Sigeman & Co 04th"]
[Site "Malmo"]
[Date "1996.??.??"]
[Round "8"]
[White "Bator, Robert"]
[Black "Hansen, Curt"]
[Result "1/2-1/2"]
[WhiteElo "2435"]
[BlackElo "2615"]
[Annotator "Lutz,C"]
[PlyCount "80"]
[EventDate "1996.06.??"]
[EventType "tourn"]
[EventRounds "9"]
[EventCountry "SWE"]
[EventCategory "12"]
[SourceTitle "CBM 054"]
[Source "ChessBase"]
[SourceDate "1996.10.01"]
[SourceVersion "1"]
[SourceVersionDate "1996.10.01"]
[SourceQuality "1"]

1. d4 d5 2. Nf3 Nf6 3. c4 c6 4. Nc3 e6 5. Bg5 h6 6. Bxf6 Qxf6 7. e3 Nd7 8. Bd3
dxc4 9. Bxc4 g6 10. O-O Bg7 {Mein persönlicher Eindruck ist, daß Weiß in
dieser Stellung über keinen Vorteil verfügt.} 11. Rc1 Qe7 $5 {Eine
interessante Feinheit gegenüber 11... 0-0:} (11... O-O 12. Ne4 Qe7 13. Bb3 Rd8
(13... e5 $2 14. d5 cxd5 15. Qxd5 $16 {Dautov}) (13... b6 $5 14. Ba4 c5 (14...
Ba6 15. Bxc6 Bxf1 16. Bxa8 Bxg2 17. Kxg2 Rxa8 18. Qa4 $14 {Dautov}) 15. Bc6 Rb8
16. Qa4 $14 {Dautov}) 14. Qc2 Nf6 (14... e5 $5 15. Rfe1 Kh8 $5 16. Ng3 $14 {
Dautov}) 15. Nc5 b6 (15... Rb8 16. Ne5 Bd7 17. f4 Be8 $14 {Dautov}) 16. Ne5 $1
Rd6 17. Ncd3 Bb7 18. Ba4 $1 Rc8 19. b4 Nd7 20. f4 $16 {Dautov,R-Dreev,A/Reggio
Emilia9596 (02); CBM 51 1996}) 12. Bb3 (12. Ne4 $5 b6 13. Qe2 {/\ Ba6} a5 $5)
12... b6 13. Ne2 (13. Ne4 Bb7 14. Ba4 Rc8) 13... Bb7 {Schwarz kommt zur
problemlosen Entwicklung des Bc8 und steht (in Anbetracht des folgenden
Befreiungsmanövers ...c6-c5) bereits besser.} 14. Nf4 O-O $15 15. Qc2 Rfd8 16.
Rfd1 Rac8 17. Qe2 a6 (17... c5 18. d5 $1) 18. a3 b5 19. Nd3 c5 20. dxc5 Nxc5
21. Nxc5 Rxd1+ 22. Bxd1 Rxc5 23. Rxc5 Qxc5 $17 {Von derartigen Stellungen
träumt der Schwarze im Moskauer System: er hat den Bc8 befreit und seine
Läufer beherrschen das Brett. In der Folge läßt der Nachziehende jedoch seinen
Vorteil verschwinden.} 24. Qd2 Qc6 25. h3 Bf6 26. b3 Kf8 27. a4 bxa4 28. bxa4
Qb6 29. Nd4 h5 30. f4 e5 31. fxe5 Bxe5 32. Nf3 Bf6 33. Kf2 Kg7 34. Qd3 Qb2+ 35.
Qc2 Qa3 36. Qb3 Qe7 37. Qc4 Qe4 38. Bb3 Qxc4 39. Bxc4 Kf8 40. e4 Bxe4 1/2-1/2

[Event "Politiken Cup 18th"]
[Site "Copenhagen"]
[Date "1996.??.??"]
[Round "2"]
[White "Maksimenko, Andrei"]
[Black "Wallace, John Paul"]
[Result "1-0"]
[WhiteElo "2545"]
[BlackElo "2370"]
[Annotator "Lutz,C"]
[PlyCount "63"]
[EventDate "1996.06.??"]
[EventType "swiss"]
[EventRounds "11"]
[EventCountry "DEN"]
[SourceTitle "CBM 054"]
[Source "ChessBase"]
[SourceDate "1996.10.01"]
[SourceVersion "1"]
[SourceVersionDate "1996.10.01"]
[SourceQuality "1"]

1. d4 {Chekhov Ftacnik} d5 2. c4 c6 3. Nc3 e6 4. Nf3 Nf6 5. Bg5 h6 6. Bxf6 Qxf6
7. e3 Nd7 8. a3 (8. Bd3 g6 $6 (8... dxc4 $1 9. Bxc4 g6 10. e4 $140 e5 $1) 9. e4
dxc4 10. e5 $1 Qe7 11. Bxc4 $14 {Diese Stellung ist bekanntlich besser für
Weiß. In der Partie hat Weiß sogar noch das Mehrtempo a2-a3 und die schwarze
Dame steht auf d8 statt e7.}) 8... g6 9. e4 dxc4 $6 {Kritisch ist hier 9...
dxe4:} (9... dxe4 10. Nxe4 Qf4 $13 {Arbakov,V-Gurevich,M/Cappelle op ;CBM 51
1996} (10... Qf4 {Ftacnik} 11. Bd3 (11. Qe2 Bg7 12. g3 Qc7 13. Bg2 O-O 14. O-O
e5 15. Rad1 exd4 16. Nxd4 Qb6 17. Qd2 Nc5 18. b4 Nxe4 19. Bxe4 Bh3 20. Rfe1
Rad8 21. c5 Qc7 {0-1 Nikolic,Pr-Kramnik,V/Amber Blind Monte Carlo (9)/1996/ 
(41)}) 11... Bg7 (11... c5 $6 12. d5 $5 exd5 13. Nc3 $1 Nf6 14. O-O $6 Bd6 $1
15. h3 h5 16. cxd5 Bg4 $1 $36 17. Re1+ Kf8 18. Re3 Bxf3 19. Qxf3 Qh2+ 20. Kf1
Kg7 21. Rae1 Rhe8 $1 $15 {0-1 Arbakov,V-Gurevich,M/Cappelle op/1996/ (40)}) 12.
O-O (12. c5 $5 O-O 13. O-O e5 14. g3 Qg4 15. Re1 $5 exd4 16. Bc4 b6 17. b4 bxc5
18. bxc5 Qh5 19. Rc1 $16 {Neverov,V-Guliev,S/Nikolaev zt/1993/1/2-1/2 (85)})
12... O-O 13. Re1 e5 (13... b6 14. Bf1 {1/2-1/2 Savchenko,S-Kozirev,A/URS-chT
Podolsk/1990/}) (13... c5 14. dxc5 (14. Nxc5 Nxc5 15. dxc5 Bxb2 16. Rb1 Bc3 17.
Qc1 Qxc1 18. Rexc1 Bf6 19. Be4 a6 20. g3 Ra7 21. Nd2 {1/2-1/2 Cvitan,O-Chernin,
A/Bern op (08)/1995/}) 14... Bxb2 15. Rb1 Bg7 16. Bf1 Qc7 17. Qd6 Qxd6 18. cxd6
b6 19. c5 bxc5 20. Rec1 Rd8 21. g3 {0-1 Petursson,M-Serper,G/Oslo op (05)/1994/
(38)}) 14. g3 Qg4 15. Nd6 exd4 16. Re4 Qh3 17. Bf1 Qh5 18. b4 g5 19. Nxd4 Qxd1
20. Rxd1 Nf6 21. Ree1 (21. Re7 $1 Rd8 22. Nxf7 Kf8 23. Rc7 Ne8 24. Nxd8 Nxc7
25. Be2 $16) 21... Rd8 22. Nb3 {Tukmakov,V-Gurevich,M/Wijk op (07)/1993/1/2-1/
2 (67)})) 10. e5 Qd8 (10... Qe7 $2 11. Ne4) 11. Bxc4 Bg7 12. Qe2 (12. O-O {
Ftacnik} O-O 13. Re1 c5 14. Nb5 Nb6 15. Ba2 cxd4 16. Nd6 Rb8 17. Rc1 Bd7 18.
Nxd4 Nc8 19. Nxf7 Kxf7 20. Qg4 Re8 21. h4 {1-0 Lalic,B-Marangunic,S/CRO-chT
Makarska (05)/1994/ (35)}) 12... c5 $6 {Schwarz ist im Entwicklungsrückstand
und sollte daher nicht die Stellung öffnen.} (12... O-O $142) (12... O-O {
Ftacnik} 13. O-O b6) 13. d5 exd5 (13... Nb6 {Ftacnik} 14. Bb5+ Bd7 15. dxe6 $14
) 14. Nxd5 O-O (14... Qa5+ {Ftacnik} 15. Kf1 $1 $40) 15. O-O-O Kh8 (15... Re8 {
Ftacnik} 16. Nf4 Qb6 17. e6 $16) (15... a6 $5 16. Nf4 Kh7) (15... Kh7 $5) 16.
Nf4 Qc7 (16... Qe8 17. e6 fxe6 18. Nxe6 $36) 17. Bxf7 $1 Rxf7 (17... Nxe5 $2 {
Ftacnik} 18. Nxe5 Bxe5 19. Nxg6+ $18) 18. Nxg6+ Kh7 19. e6 Nf8 (19... Kxg6 20.
Qe4+ Kf6 21. Rd5 $18 (21. Rd5 $1 Ne5 (21... Rf8 22. Rf5+ Ke7 23. exd7+ Kxd7 24.
Rd1+ $18) 22. Rxe5 Ke7 23. exf7+ Bxe5 24. Nxe5 $18) (21. Rhe1 $40 {Chekhov})) (
19... Rxf3 {Ftacnik} 20. Qxf3 Kxg6 21. Qe4+ Kf6 22. e7 $18) 20. e7 $1 Nxg6 (
20... Bg4 21. Nxf8+ Bxf8 22. e8=Q Rxe8 23. Qxe8 Qf4+ 24. Rd2 $18) (20... Rxe7 {
Chekhov} 21. Nxe7 $18) 21. e8=Q $18 Qf4+ (21... Nf4 22. Q2b5 Rf8 23. Qe3 $18)
22. Rd2 (22. Q8e3 $5 Re7 23. Qxf4 Rxe2 24. Qc7 Rxf2 25. Rd8 $18) 22... Re7 23.
Qxg6+ Kxg6 24. Qxe7 Kh7 (24... Qc4+ {Ftacnik} 25. Rc2 Qf4+ 26. Qe3 $18) (24...
Bf5 {Chekhov} 25. Qd6+ $18) 25. Qe3 Qf6 26. Rhd1 Bf5 27. Ne5 c4 28. g4 c3 29.
bxc3 Be6 30. Qe4+ Kg8 31. Rd6 Qe7 32. Ng6 1-0

[Event "NED-ch52"]
[Site "Rotterdam"]
[Date "1997.07.03"]
[Round "11"]
[White "Timman, Jan H"]
[Black "Sokolov, Ivan"]
[Result "1/2-1/2"]
[WhiteElo "2630"]
[BlackElo "2615"]
[Annotator "Lutz,C"]
[PlyCount "59"]
[EventDate "1997.06.21"]
[EventType "tourn"]
[EventRounds "11"]
[EventCountry "NED"]
[EventCategory "12"]
[SourceTitle "CBM 060"]
[Source "ChessBase"]
[SourceDate "1997.09.29"]
[SourceVersion "1"]
[SourceVersionDate "1997.09.29"]
[SourceQuality "1"]

1. d4 d5 2. c4 c6 3. Nf3 Nf6 4. Nc3 e6 5. Bg5 h6 6. Bxf6 Qxf6 7. Qb3 dxc4 8.
Qxc4 Nd7 9. Rd1 (9. g3 e5 $1 10. O-O-O Be7 11. Ne4 Qf5 12. Qc2 O-O 13. h4 exd4
14. Nxd4 Qa5 15. Kb1 Nf6 $11 {1/2-1/2 Timman,J-Gelfand,B/Belgrade Invest 1995 
(40)}) 9... g6 (9... Qe7 $5 {Die Dame steht auf e7 besser als auf f6. Außerdem
muß Weiß sich mit der Drohung ...Qb4 auseinandersetzen.} 10. Qd3 g6 11. e4 Bg7
12. Be2 O-O 13. O-O b6 14. e5 Bb7 15. Qe3 Rad8 16. Rfe1 c5 17. d5 exd5 18. Nxd5
Bxd5 19. Rxd5 Rfe8 20. Bb5 Nf8 $11 {1/2-1/2 Lerner,K-Novikov,I/Bern op 1994 
(29)}) (9... e5 $2 10. dxe5 Nxe5 11. Qe4 Bd6 12. Rxd6 $18) 10. g3 Bg7 11. Bh3
O-O 12. O-O Qe7 13. Ne4 $146 {Gegen die Drohung ...Nb6 und ...e5 gerichtet.} (
13. Rd2 Nb6 14. Qb3 e5 15. Bxc8 {1/2-1/2 Langeweg,K-Cuijpers,F/NLD-ch
Hilversum 1983/MCD-ch}) 13... Rb8 (13... Nb6 14. Qc2 e5 15. Bxc8 Raxc8 16. dxe5
Bxe5 17. Nxe5 Qxe5 18. Nd6 $36 {und Schwarz hat offensichtlich die Stellung zu
früh geöffnet.}) 14. a3 (14. b4 $6 b6 15. Qxc6 Bb7 16. Qc2 Qxb4) 14... Re8 15.
b4 $6 {Dieser Zug gefällt mir nicht so sehr, da Schwarz sich durch das
folgende Manöver entlastet.} (15. Rd3 $6 b6 16. Qxc6 $2 Bb7) (15. Rd2 $5 {
mit der Absicht Rfd1} Nb6 16. Qc2 e5 17. Bxc8 exd4 18. Bxb7 $5) 15... a5 $1 16.
Nc5 (16. bxa5 $5 Qxa3 17. Ra1 Qe7 18. a6 bxa6 19. Qxc6 Bb7 $11 {verspricht dem
Weißen nichts.}) 16... axb4 17. axb4 Ra8 $11 18. Qb3 Rd8 19. Rd2 e5 {Führt zu
Vereinfachungen. Ebenfalls möglich war 19...b6 :} (19... b6 $5 20. Nxd7 Bxd7
$11 {/\ ...Be8}) 20. Bxd7 Bxd7 21. dxe5 (21. Nxb7 $2 Be6) 21... Bh3 22. Rxd8+
Rxd8 23. Rc1 Bg4 24. Qe3 Rd5 25. Nd3 Bxf3 26. exf3 Bxe5 27. Re1 Bd6 28. Qxe7
Bxe7 29. Rxe7 Rxd3 30. Rxb7 1/2-1/2

[Event "St Petersburg-ch"]
[Site "St Petersburg"]
[Date "1996.??.??"]
[Round "12"]
[White "Lugovoi, Aleksei"]
[Black "Sakaev, Konstantin"]
[Result "1/2-1/2"]
[WhiteElo "2500"]
[BlackElo "2600"]
[Annotator "Lutz,C"]
[PlyCount "73"]
[EventDate "1996.04.??"]
[EventType "tourn"]
[EventRounds "13"]
[EventCountry "RUS"]
[EventCategory "11"]
[SourceTitle "CBM 056"]
[Source "ChessBase"]
[SourceDate "1997.02.01"]
[SourceVersion "1"]
[SourceVersionDate "1997.02.01"]
[SourceQuality "1"]

1. d4 d5 2. c4 c6 3. Nf3 Nf6 4. Nc3 e6 5. Bg5 h6 6. Bh4 dxc4 7. e4 g5 8. Bg3 b5
9. Qc2 (9. Be2 a6 (9... Bb7 10. O-O Nbd7 (10... a6 11. Ne5 Nbd7 12. f4 gxf4 13.
Bxf4 $44 {0-1 Bosboom,M-Riemersma,L/NED-sf 1996 (37)}) 11. a4 $44 {1/2-1/2
Topalov,V-Gelfand,B/Dortmund 1996 (56)}) 10. Qc2 Be7 11. Rd1 Bb7 12. O-O Nbd7
13. Ne5 Nxe5 14. Bxe5 Rg8 15. Bxf6 Bxf6 16. e5 Be7 17. Qh7 $40 {1-0 Lobron,
E-Slobodjan,R/Nussloch 1996 (28)}) 9... Bb7 10. Be2 Nbd7 (10... Be7 11. O-O a6
12. Rfd1 Nbd7 13. a4 $44 {1/2-1/2 Ahlander,B-Hansen,L/Farum 1993 (25)}) 11. O-O
Nh5 12. a4 a6 13. d5 Nxg3 14. hxg3 Bg7 15. Rfd1 O-O 16. dxe6 fxe6 17. e5 $5 {
[%cal Yc2h7,Ye2f3,Yf3e4,Yc3e4] Weiß gibt noch einen Bauern um Felder und
Lineien für Qc2, Nc3 und Be2 zu erlangen. Aber zwei Bauern sind zwei Bauern ...
} Qe7 18. Rd6 Nxe5 19. Rad1 Rad8 (19... Nd3 20. Bxd3 cxd3 (20... Qxd6 21. Bh7+)
21. Qxd3 $44 {<-> d}) 20. Rxd8 Nxf3+ (20... Rxd8 21. Rxd8+ Qxd8 22. Nxe5 Bxe5
23. Qg6+ Bg7 24. Qxe6+ Kh8 25. Bg4 $40) 21. Bxf3 Rxd8 22. Re1 $44 {Die
zerrissene schwarze Struktur und der inaktive Bb7 geben Weiß Ersatz für das
geopferte Material.} Rd4 23. axb5 axb5 24. Be4 Kh8 25. Bf5 Bc8 26. Qe2 Qf7 27.
Bb1 (27. Bxe6 $2 Bxe6 28. Qxe6 Qxe6 29. Rxe6 Rd2 $19) 27... Rd8 28. Be4 (28.
Qe4 Bd4) 28... Bd7 29. Rd1 Rf8 30. Bb1 c5 31. Rd6 Bd4 32. Ne4 Bc8 33. Kh2 Kg8 (
33... Bxf2 34. Nxf2 Qxf2 35. Qe5+ Kg8 (35... Qf6 36. Qxf6+ Rxf6 37. Rd8+) 36.
Rc6 $44) 34. Rc6 Qb7 35. Rd6 Qf7 36. Rc6 Qb7 37. Rd6 1/2-1/2

[Event "Sigeman & Co 05th"]
[Site "Malmo"]
[Date "1997.06.14"]
[Round "5"]
[White "Timman, Jan H"]
[Black "Hansen, Curt"]
[Result "1/2-1/2"]
[WhiteElo "2630"]
[BlackElo "2605"]
[Annotator "Lutz,C"]
[PlyCount "79"]
[EventDate "1997.06.10"]
[EventType "tourn"]
[EventRounds "9"]
[EventCountry "SWE"]
[EventCategory "13"]
[SourceTitle "CBM 060"]
[Source "ChessBase"]
[SourceDate "1997.09.29"]
[SourceVersion "1"]
[SourceVersionDate "1997.09.29"]
[SourceQuality "1"]

1. d4 Nf6 2. c4 e6 3. Nf3 d5 4. Nc3 c6 5. Bg5 h6 6. Bxf6 Qxf6 7. Qb3 Nd7 8. g3
Nb6 $5 $146 {Eine interessante Neuerung. Schwarz provoziert c4-c5.} (8... dxc4)
9. c5 Nd7 10. Bg2 b6 $6 {Nun kommt Weiß zum Druckspiel gegen die Bauern b6 und
c6. Bedenkenswert erscheint mir 10...e5 :} (10... e5 11. e3 {Weiß muß die
Bauernkette d4-c5 stützen.} (11. dxe5 $2 Nxe5 {schwächt lediglich den Pc5.}) (
11. e4 $2 exd4) 11... Be7 12. O-O O-O 13. Qc2 {mit der Idee b2-b4-b5.}) 11.
cxb6 axb6 12. O-O Qd8 13. e4 Be7 14. exd5 exd5 (14... cxd5 15. Rfc1 $14 {
gefolgt von Bf1 und Nb5 ist besser für Weiß.}) 15. Rfe1 $14 {[%csl Rb6,Rc6]
[%cal Ya1c1,Yc1c6,Ye1e8,Yc3a4,Ya4b6,Yf3e5,Ye5c6] Angesicht der schwarzen
Schwächen hat Weiß Vorteil.} O-O 16. Rac1 Bb7 17. Bh3 Nf6 $5 {Gibt dem Weißen
das Feld e5.} (17... Ra6 $5 18. Na4 b5 19. Bxd7 Rxa4 (19... Qxd7 20. Nc5 $16)
20. Bxc6 Rb4 21. Qe3 $18 {funktioniert nicht für Schwarz.}) 18. Ne5 (18. Na4 $5
b5 19. Nc5 Bxc5 20. Rxc5 $14) 18... Bd6 (18... c5 19. dxc5 Bxc5 20. Nd3 $14) (
18... b5 $5 {um den Nc3 nicht nach c5 zu lassen.} 19. a4 b4 {nebst ...Qb6 oder
...Qa5.}) 19. Na4 b5 20. Nc5 Bxc5 21. Rxc5 Qb6 22. Bf5 Ra4 23. Qc3 Rxa2 24.
Nxc6 Re8 $6 (24... Rfa8 $5 {und ...Ra1}) 25. Rxe8+ Nxe8 26. Ne7+ Kf8 27. Nc8 $6
(27. Nxd5 $1 $16 {war möglich.} Ra1+ 28. Kg2 Nf6 $2 (28... Nc7 29. Be4 $16) (
28... Nd6 29. Be4 $1 $16 Nxe4 $2 30. Rc8+) 29. Rc8+ $1 Ne8 30. Qb4+ $18) 27...
Qa5 28. b4 Qa3 $1 {Mit dieser glänzenden Verteidigung meldet Schwarz sich
zurück. Trotz zeitweilig zweier Minusbauern kann Schwarz sich nun halten..} 29.
Qxa3 Rxa3 30. Rxb5 Bxc8 31. Bxc8 Nd6 $1 {Hier entfaltet der Srpinger eine
ungeheure Defensivwirkung.} (31... Nf6 32. Bb7 $16) 32. Rxd5 Ke7 33. Rc5 (33.
Re5+ Kd8 34. Bg4 Rb3 $14) 33... Rb3 34. Rc7+ Kf6 35. Rc6 Ke7 36. Rc7+ Kf6 37.
Rc6 Ke7 38. Ba6 Rxb4 39. d5 Rd4 40. Rc5 {Trotz Mehrbauer hat Weiß keine
Gewinnchancen.} 1/2-1/2

[Event "Copenhagen KS"]
[Site "Copenhagen"]
[Date "1996.??.??"]
[Round "7"]
[White "Kumaran, Dharshan"]
[Black "Schandorff, Lars"]
[Result "1/2-1/2"]
[WhiteElo "2495"]
[BlackElo "2495"]
[Annotator "Lutz,C"]
[PlyCount "85"]
[EventDate "1996.07.05"]
[EventType "tourn"]
[EventRounds "9"]
[EventCountry "DEN"]
[EventCategory "10"]
[SourceTitle "CBM 055"]
[Source "ChessBase"]
[SourceDate "1996.12.01"]
[SourceVersion "1"]
[SourceVersionDate "1996.12.01"]
[SourceQuality "1"]

1. d4 d5 2. c4 c6 3. Nf3 Nf6 4. Nc3 e6 5. Bg5 h6 6. Bxf6 Qxf6 7. e3 Nd7 8. Bd3
dxc4 9. Bxc4 g6 10. O-O Bg7 11. b4 O-O 12. a4 (12. Rc1 Rd8 13. Qb3 Qe7 14. a4
a5 $5 15. bxa5 Rxa5 16. Rfd1 b6 17. Be2 Bb7 18. Nd2 c5 19. Nc4 Raa8 20. d5 Bxc3
21. dxe6 Qxe6 22. Rd6 Qe7 23. Qxc3 Ba6 24. Rd2 Bxc4 25. Bxc4 Ne5 $10 {
Beliavsky,A-Dreev,A/Novosibirsk (04) ;CBM 50 1995}) 12... e5 {Geöhnlich ist ...
e5 nicht so effektiv, wenn Weiß noch nicht e4 gespielt hat. In zwei Partien
Beljwaskis reagierte Schwarz mit dem Gegenstoß ...a5 auf das weiße a2-a4:} (
12... Qe7 13. Rb1 a5 14. bxa5 Rxa5 15. Qc2 b6 16. e4 (16. Rfe1 $5 Bb7 (16... c5
17. d5 Bxc3 18. Qxc3 Rxa4 19. dxe6 fxe6 20. Qc2 $16 {Beliavsky}) 17. e4 c5 18.
d5 Bxc3 19. Qxc3 Rxa4 20. Bb5 Ra7 21. Bxd7 Qxd7 22. Ne5 Qe7 23. Ng4 $40 {
Beliavsky}) 16... c5 17. d5 Bxc3 18. Qxc3 Rxa4 $13 {Beliavsky,A-Gelfand,B/
Belgrade Invest (04) ;CBM 51 1995}) 13. a5 exd4 14. exd4 Rd8 15. Qb3 $14 Nf8
16. Ne4 Qf4 17. Nc5 {[%csl Rb7,Rf7][%cal Yb3f7]} Bxd4 (17... Bg4 18. Ne5) (
17... Rb8 18. Rfe1 b6 19. axb6 axb6 20. Nd3 {/\ Nde5}) 18. Rad1 Bg4 19. Rxd4
Rxd4 20. Nxd4 Qxd4 21. h3 Bf5 22. Rd1 Qf6 23. Nxb7 Re8 24. Nd6 Re7 25. Qf3 Rd7
26. Nxf5 (26. Qxc6 $5) 26... Qxf5 27. Rxd7 Qxf3 28. gxf3 Nxd7 29. f4 Kf8 30.
Kg2 Ke7 31. Kf3 f5 32. Ke3 Nf8 33. h4 Ne6 34. Bd3 Ng7 35. Kd4 Kd6 36. Bc4 Ne6+
37. Bxe6 Kxe6 38. Kc5 Kd7 39. b5 cxb5 40. Kxb5 Kc7 41. Ka6 Kb8 42. Kb5 Kc7 43.
Ka6 1/2-1/2

[Event "Hoogovens"]
[Site "Wijk aan Zee"]
[Date "1997.01.30"]
[Round "10"]
[White "Kortschnoj, Viktor Lvovich"]
[Black "Timman, Jan H"]
[Result "1/2-1/2"]
[WhiteElo "2635"]
[BlackElo "2630"]
[Annotator "Lutz,C"]
[PlyCount "130"]
[EventDate "1997.01.18"]
[EventType "tourn"]
[EventRounds "13"]
[EventCountry "NED"]
[EventCategory "16"]
[SourceTitle "CBM 057"]
[Source "ChessBase"]
[SourceDate "1997.04.01"]
[SourceVersion "1"]
[SourceVersionDate "1997.04.01"]
[SourceQuality "1"]

1. d4 d5 2. c4 c6 3. Nf3 Nf6 4. Nc3 e6 5. Bg5 h6 6. Bh4 dxc4 7. e4 g5 8. Bg3 b5
9. Be2 b4 $5 {Dieser Zug ist eine sehr prinzipielle Antwort auf das Gambit 6.
Bh4. Schwarz verliert zwar seinen Halt am Damenflügel, bekommt dafür aber den
wichtigen Pe4.} 10. Na4 Nxe4 11. Bxc4 $5 $146 {Diese Neurung ist schwächer als
11.Be5.} (11. Be5 Nf6 12. O-O Nbd7 13. Bxc4 g4 (13... Be7 $5 14. Bxf6 $6 Bxf6
15. Qe1 {1-0 Stocek,J-Stojanovic,M/EUchJM-U18 Hania 1994 (23)} Qe7 $17) 14.
Bxf6 (14. Nd2 Nxe5 15. dxe5 Nd7 16. f4 gxf3 17. Qxf3 Nxe5 18. Qf2 Bg7 $17 {
0-1 Neurohr,S-Beikert,G/BL2-S 1992 (36)}) 14... Qxf6 15. Ne5 h5 16. f4 Nxe5 17.
fxe5 Qg5 18. Qd3 $44 {1-0 Lputian,S-Smagin,S/URS-ch52 Riga 1985 (34)}) 11...
Nxg3 12. hxg3 Nd7 13. O-O Bg7 14. Re1 O-O 15. Rc1 Bb7 16. Bd3 {Schwarz hat
keine Probleme mehr und steht eher besser.} c5 $5 17. dxc5 Bc6 18. Be4 Qc7 19.
Bxc6 Qxc6 20. Re2 g4 21. Rd2 Nf6 22. Ne5 Qb5 23. Nd7 Ne4 24. Rd3 Rfc8 25. a3
bxa3 26. Rxa3 Rc7 27. Rd3 Kh8 28. b3 f5 29. Rc4 Re8 30. f3 gxf3 31. gxf3 Nxg3
32. Kf2 Nh5 33. Nc3 Qb7 34. Rd6 Rc6 35. Rd3 Qc7 36. Rd6 Rd8 37. Rxc6 Qxc6 38.
Ne5 Rxd1 39. Nxc6 Rd7 40. Na5 Bd4+ 41. Kf1 Bxc3 42. Rxc3 Nf4 43. c6 Rc7 44. Rc4
Nd5 45. Ke2 Kg7 46. Kd3 Kf6 47. Kd4 h5 48. Kc5 Rh7 49. Rh4 Kg5 50. Rh3 Kf4 51.
Nc4 h4 52. Kd6 Nc7 53. b4 Nb5+ 54. Kxe6 Nd4+ 55. Kd5 Nxf3 56. Nd6 Kg4 57. Rh1
h3 58. Nb5 a6 59. c7 Rh8 60. Nd6 h2 61. c8=Q Rxc8 62. Nxc8 Kg3 63. Ne7 f4 64.
Ng6 Kg2 65. Ra1 Kg3 1/2-1/2

[Event "RUS-chT 12th"]
[Site "Sochi"]
[Date "2005.04.21"]
[Round "3"]
[White "Khalifman, Alexander"]
[Black "Kobalia, Mihail"]
[Result "1-0"]
[WhiteElo "2658"]
[BlackElo "2644"]
[Annotator "Lutz,C"]
[PlyCount "75"]
[EventDate "2005.04.19"]
[EventType "team-tourn"]
[EventRounds "11"]
[EventCountry "RUS"]
[SourceTitle "EXT 2020"]
[Source "ChessBase"]
[SourceDate "2019.10.17"]
[SourceVersion "1"]
[SourceVersionDate "2019.10.17"]
[SourceQuality "1"]
[WhiteTeam "Samara Termosteps"]
[BlackTeam "Moscow Youth of"]
[WhiteTeamCountry "RUS"]
[BlackTeamCountry "RUS"]

1. d4 d5 2. c4 c6 3. Nc3 Nf6 4. Nf3 e6 5. Bg5 h6 6. Bh4 dxc4 7. e4 g5 8. Bg3 b5
9. Be2 Bb7 10. h4 g4 11. Ne5 h5 12. O-O Nbd7 13. Qc2 Nxe5 14. Bxe5 Bg7 15. Bg3
$5 {Sakaevs Zug, die Idee besteht darin, nach 15...0-0 sofort 16.e5 antworten
zu können. Der Nachteil gegenüber der Hauptvariante 16.Rad1 ist natürlich,
dass der Pd4 hängt.} Qxd4 (15... b4 $2 16. Na4 Qxd4 17. Bxc4 c5 $2 18. e5 $18 {
1-0 Sakaev,K-Borovikov,V/Halkidiki 2002/CBM 92/[Lutz] (26)}) (15... O-O $5 16.
e5 (16. Rad1 {führt zu 15.Rad1 0-0 16.Bg3}) 16... Nh7 {Nun sind wir per
Zugumstellung bei Kramnik,V-Akopian,V/Dortmund 2000 angelangt:} (16... Nd7 $5 {
muss Weiß nicht mit 17.Rad1 und Übergang zu bekannten Varianten beantworten,
sondern kann mit} 17. Ne4 $1 {(plant Ng5)} f5 18. exf6 Nxf6 19. Nc5 Bc8 20. Be5
$40 {begegnet werden.}) 17. Rad1 f5 18. exf6 Qxf6 19. f3 Qf5 20. Qd2 Qg6 21.
fxg4 hxg4 22. Qe3 Rf5 23. Ne4 c5 $1 24. Nxc5 Bd5 25. a4 Raf8 26. axb5 Rf3 $1
27. gxf3 gxf3 28. Kh2 $13) (15... Nh7 16. e5 Qxd4 17. Rad1 Qb6 18. Ne4 O-O 19.
b3 $1 $40 {Sakaev}) 16. Rfd1 (16. Rad1 Qc5 $5 {0-1 Wendt,J-Van Wely,L/
Minneapolis 2005/CBM 107/[Lutz] (39)}) 16... Qb6 17. a4 {Es droht a4-a5 mit
Kaltstellung der schwarzen Dame. Andererseits hat Schwarz zwei Bauern mehr.} a6
(17... a5 $5 18. Qd2 b4 19. Qg5 Kf8 20. Be5 $6 (20. e5 $5 Nd5 21. Ne4 $44)
20... Rh6 21. Bd4 Qc7 22. Bc5+ Kg8 23. Bd6 Qc8 $19 24. e5 Nh7 25. Qf4 bxc3 26.
bxc3 Nf8 27. Rab1 Ng6 28. Qg5 c5 29. Rb6 Be4 30. Bxc4 Qd8 31. Rb5 Nxh4 32. Qe3
Bxg2 33. Rdb1 Nf5 34. Qxc5 Qh4 35. Rb8+ Rxb8 36. Rxb8+ Kh7 {0-1 Witt,R-Al
Sayed,M/Amsterdam 2004/CBM 101 ext (36)}) 18. Qd2 Bh6 {Schwarz will die weisse
Dame nicht nach g5 lassen, aber nun dringt Weiss über d6 ein.} (18... O-O 19.
Qg5 Nh7 20. Qxh5 b4 21. a5 Qa7 22. Na4 Nf6 23. Qg5 Nxe4 24. Qxg4 f5 $13) 19.
Qd6 Bf8 20. Qe5 Be7 21. Bf4 {Mit den Ideen Bg5 und Be3.} Rg8 22. Bg5 g3 23.
Qxg3 Nh7 24. a5 Qa7 25. Bxh5 Nxg5 26. hxg5 Rxg5 27. Qf3 Rg7 28. Qf4 Qb8 29. e5
{Weiss hat natürlich Kompensation für den Bauern, aber klar ist die Lage noch
lange nicht. In den nächsten Zügen verschlechtert sich die Lage des Schwarzen
jedoch rapide.} Rh7 $6 (29... Qc7 $5 30. Ne4 c5) 30. Bf3 f5 $2 {So
kontrolliert Schwarz das Feld e4, schwächt aber gleichzeitig den Bauern e6 und
das Feld g6.} (30... Rh4 31. Qg3 c5 $5) 31. Ne2 c5 32. Qg3 Kf7 33. Nf4 $16 Rg7
34. Qh3 Bxf3 35. Qxf3 Qxe5 $6 36. Re1 Qb8 37. Rxe6 $18 Rg4 38. Qd5 1-0